| 000 | 00456nam a2200121Ia 4500 | ||
|---|---|---|---|
| 008 | 220216s9999 xx 000 0 und d | ||
| 100 | _aKimura Haruhiro | ||
| 245 | 0 | _aDenka CR technical information Kogyo, Kabushiki, Kaisha, Japan Denka chloroprene for automobile industry | |
| 260 | _bPapers presented at the IRMRA 18th Rubber Conference, Mumbai, January 20-21, 2000. p47-70 | ||
| 650 | _aAutomobile industry | ||
| 650 | _aDenka chloroprene | ||
| 942 | _cJS | ||
| 999 |
_c56797 _d56797 |
||